• 首页
  • 本馆介绍
  • 公告通知
  • 最新文献
  • 馆藏检索
  • 电子资源
  • 读者导购
  • 参考咨询
  • 我的图书馆
  • 登录
  • 详细信息显示
  • 放入我的书架
  • 预约/预借图书
  • 作者相关作品
  • 分类相关作品
  • 丛书相关作品
  • 出版社相关作品

书目信息

  • 表格格式
  • 工作单格式
  • 卡片格式
题名:
第二十二条军规
    
 
作者: Heller , 赫勒 著 ;南文 译
分册:  
出版信息: 上海   上海译文出版社  1981
页数: 694页
开本: 19cm
丛书名:
单 册:
中图分类: I712.45 , I712.4
科图分类:
主题词: 中篇小说--美国--现代--选集
电子资源:
ISBN:
000 00797nam0 2200289 45
001 0181003192
005 20070729144951.63
010    @dCNY1.60
091    @a10188.209
100    @a19950704d1981 em y0chiy0121 ea
101 1  @achi@ceng
102    @aCN@b310000
105    @ay z 000ay
200 10 @a第二十二条军规@Adi er shi er tiao jun gui@f(美)赫勒(J.Heller)著@g南文译
210    @a上海@c上海译文出版社@d1981
215    @a694页@d19cm
300    @a书名原文:Catch-22
510 1  @aCatch-22@zeng
606    @a中篇小说@y美国@z现代@x选集
690    @aI712.45@v3
690    @aI712.4@v3
701 A1 @aHeller@bJ.@4著
701  1 @a赫勒@Ahe le@bJ.@4著
702  0 @a南文@Anan wen@4译
801  2 @aCN@bNLC@c20070729
801  0 @aCN@b上海图书馆@c20040331
905    @dI712.4@e461@f1@b52310
    
    第二十二条军规/(美)赫勒(J.Heller)著/南文译.-上海:上海译文出版社,1981
    694页;19cm
    书名原文:Catch-22
    
    ISBN :CNY1.60
    
●
相关链接 在E读中查询图书 在五车中查询图书 在当当中查询图书 在豆瓣中查询图书


正题名:第二十二条军规     索取号:I712.4/461         预约/预借

序号 登录号 条形码 馆藏地/架位号 状态 备注
1 0052310   000170585   第二借阅区/ [索取号:I712.4/461] 在馆    
2 0052311   001925965   密集书库/ [索取号:I712.4/461] 在馆    
3 0786970   207869706   第一样本阅览室/ [索取号:I712.4/461] 在馆    
唐山师范学院图书馆 欢迎您!
大连网信软件有限公司© 版权所有